| 000 | 00721nam a22002297a 4500 | ||
|---|---|---|---|
| 001 | 65561 | ||
| 003 | BD-RjUL | ||
| 005 | 20211209081435.0 | ||
| 008 | 170308b 1961enk||||| |||| 001 0 eng d | ||
| 035 | _a(BD-RjUL)65691 | ||
| 040 |
_aBD-RjUL _beng _cBD-RjUL _dBD-RjUL |
||
| 041 | _aeng | ||
| 082 |
_223 _a972.91063 _bHUC 1961 |
||
| 100 |
_aHuberman, Leo _9193985 |
||
| 245 |
_a Cuba: _banatomy of a revolution / _cLeo Huberman & Paul Marlor Sweezy |
||
| 250 | _a2nd.ed. | ||
| 260 |
_aLondon : _bRoutledge & Kegan Paul, _c1961 |
||
| 300 |
_axi, 208p. ; _c18cm. |
||
| 650 |
_aSocial conditions _xPolitics and government _yCastro, Fidel, 1926-2016 _zCuba _9193986 |
||
| 700 |
_aSweezy, Paul Marlor _9193987 |
||
| 942 |
_2ddc _cBK |
||
| 999 |
_c65561 _d65561 |
||